Emojis challenge #2 - Statistiques

Statistiques générales
  • Ce quiz a été pris 33 fois
  • Le résultat moyen est 4 sur 10
Statistiques - réponses
Hint Réponse % Correct
🐺🐉⚔️❄️🏹👑 Game of Thrones
67%
⚗️🧪👨🏼‍🔬🙎🏼‍♂️💵🛢 Breaking Bad
60%
🕵🏻👨🏼‍💼🎻 Sherlock
50%
😠🩸🧇📻🚴🏾‍♀️🚴🏻🚴🏻‍♂️ Stranger Things
50%
📲💋💋🏙😕💕😏💕😒 Gossip Girl
40%
👩🏻‍🍳➕🦖➕👠➕🍕➕😂➕🎸 Friends
37%
🐖🍺🎷🛋🧪🍩 Les Simpsons
20%
🙎🏻‍♂️🥃🥊🐎💷🪒 Peaky Blinders
20%
👩🏼💋🧛🔪⚰️ Buffy contre les vampires
13%
🏢🚬🥃👔📺 Mad Men
10%
Aucun quiz correspondant
Distribution des résultats
% des personnes avec chaque résultat
Percentile par nombre de réponses
Votre historique - résultats
Vous n’avez pas pris ce quiz